Külföldi tudósítók Szegeden
Elmentve itt :
| Dokumentumtípus: | Cikk |
|---|---|
| Megjelent: |
1973-12-04
|
| Sorozat: | Délmagyarország
63 No. 283 |
| Kulcsszavak: | tudósok látogatásai |
| Online Access: | http://dmarchiv.bibl.u-szeged.hu/118490 |
| LEADER | 00411nab a2200145 i 4500 | ||
|---|---|---|---|
| 001 | delm118490 | ||
| 005 | 20190322132536.0 | ||
| 008 | 190322s1973 hu o 0|| hun d | ||
| 040 | |a SZTE Délmagyarország Archívum |b hun | ||
| 041 | |a hun | ||
| 245 | 0 | 0 | |a Külföldi tudósítók Szegeden |h [elektronikus dokumentum] |
| 260 | |c 1973-12-04 | ||
| 300 | |a 8 | ||
| 490 | 0 | |a Délmagyarország |v 63 No. 283 | |
| 695 | |a tudósok látogatásai | ||